|
|
|
|
| LEADER |
00000nam0a2200000 4500 |
| 001 |
77798 |
| 005 |
20231101212943.0 |
| 035 |
|
|
|a (RuTPU)RU\TPU\book\83400
|
| 090 |
|
|
|a 77798
|
| 100 |
|
|
|a 20050530d1979 km y0rusy50 ca
|
| 101 |
0 |
|
|a rus
|
| 102 |
|
|
|a UA
|
| 105 |
|
|
|a a z 001zy
|
| 200 |
1 |
|
|a Цифроаналоговые системы автоматического управления
|f В. М. Трохин [и др.]
|
| 210 |
|
|
|a Киев
|c Технiка
|d 1979
|
| 215 |
|
|
|a 159 с.
|c ил.
|
| 320 |
|
|
|a Библиогр.: с. 155-159
|
| 606 |
|
|
|a Автоматические системы управления
|x Аналого-цифровые
|2 stltpush
|3 (RuTPU)RU\TPU\subj\864
|9 29670
|
| 610 |
1 |
|
|a цифроаналоговые системы
|
| 610 |
1 |
|
|a техническая реализация
|
| 610 |
1 |
|
|a построение
|
| 610 |
1 |
|
|a методы анализа
|
| 610 |
1 |
|
|a САУ
|
| 610 |
1 |
|
|a частотные датчики
|
| 610 |
1 |
|
|a структурные схемы
|
| 610 |
1 |
|
|a функциональные узлы
|
| 610 |
1 |
|
|a динамические характеристики
|
| 675 |
|
|
|a 681.51.08
|v 3
|
| 701 |
|
1 |
|a Трохин
|b В. М.
|g Виктор Михайлович
|
| 701 |
|
1 |
|a Перельмутер
|b В. М.
|
| 701 |
|
1 |
|a Энтина
|b В. И.
|
| 801 |
|
1 |
|a RU
|b 63413507
|c 20050530
|g PSBO
|
| 801 |
|
2 |
|a RU
|b 63413507
|c 20171222
|g PSBO
|
| 942 |
|
|
|c BK
|